| Tag |
First Indicator |
Second Indicator |
Subfields |
| LEADER |
00000cam a2200000 4500 |
| 001 |
in00000720021 |
| 005 |
20151016055555.0 |
| 008 |
751031s1963 caua 00000 eng |
| 010 |
|
|
|a 63014383
|
| 035 |
|
|
|a (OCoLC)01747650
|
| 035 |
|
|
|9 ADC7639AM
|
| 040 |
|
|
|a DLC
|c IQU
|d TXA
|d UtOrBLW
|
| 049 |
|
|
|a TXAM
|c [362357]
|
| 050 |
0 |
0 |
|a F869.R2
|b W9 1963
|
| 082 |
0 |
|
|a 979.488
|
| 092 |
|
|
|a 917.94
|b W989d, 1963
|
| 100 |
1 |
|
|a Wynn, Marcia Rittenhouse,
|d 1901-
|
| 245 |
1 |
0 |
|a Desert bonanza ;
|b the story of early Randsburg, Mojave Desert mining camp.
|
| 250 |
|
|
|a [Rev. ed.].
|
| 264 |
|
1 |
|a Glendale, Calif. :
|b A. H. Clark Co.,
|c 1963.
|
| 300 |
|
|
|a 275 pages :
|b illustrations ;
|c 25 cm.
|
| 336 |
|
|
|a text
|b txt
|2 rdacontent
|
| 337 |
|
|
|a unmediated
|b n
|2 rdamedia
|
| 338 |
|
|
|a volume
|b nc
|2 rdacarrier
|
| 490 |
0 |
|
|a Western land and water series, 2
|
| 650 |
|
0 |
|a Gold mines and mining
|z California.
|
| 651 |
|
0 |
|a Randsburg (Calif.)
|x History.
|
| 999 |
|
|
|a MARS
|
| 999 |
f |
f |
|s 4f7b7555-2838-3f67-91d2-f8bec5f00ed5
|i f8900d70-a3ef-3d5c-a2f2-7fb7163b357e
|t 0
|
| 952 |
f |
f |
|p ric
|a Texas A&M University
|b Rellis Campus
|c Joint Library Facility
|d Remote Storage
|t 0
|e F869.R2 W9 1963
|h Library of Congress classification
|i unmediated -- volume
|m A14801438677
|
| 998 |
f |
f |
|a F869.R2 W9 1963
|t 0
|l Remote Storage
|